The Clinical Respiratory Journal | Wiley

Bibliographic Details
Format: Electronic Journal
Language:English
Published: Cambridge University Press
Online Access:Full text available on Research4Life (HINARI,AGORA,OARE,ARDI & GOALI)
LEADER 00785cas a2200181 a 4500
001 AALejournalResearch4Life007607
008 240902c9999 xx r poo 0 0eng d
022 |a 17526981 
022 |a 1752699x 
040 |a BD-DhAAL  |c BD-DhAAL 
245 0 0 |h [electronic resource]  |a The Clinical Respiratory Journal | Wiley 
260 |b Cambridge University Press 
300 |a 1 online resource 
362 0 |a 2022 - current issue 
500 |a <strong>On-Campus Access Only (IP based access)</strong> 
506 |a Electronic access restricted to authorized BRAC University faculty, staff and students 
538 |a Mode of access: Internet 
856 4 0 |z Full text available on Research4Life (HINARI,AGORA,OARE,ARDI & GOALI)  |u https://login.research4life.org/tacsgr1onlinelibrary_wiley_com/journal/1752699x